|
|
|
|
| LEADER |
00998nam a2200217 a 4500 |
| 001 |
GR-MES4107 |
| 008 |
991111s1993 gr 000 0 gre d |
| 020 |
|
|
|a 960232046X
|
| 040 |
|
|
|a GrPaTEI
|b gre
|c GR-PaULI
|
| 245 |
0 |
0 |
|a Σύγχρονοι αντιλήψεις του διεθνούς δικαίου της θαλάσσης και η σύμβασις των Ηνωμένων Εθνών διά το δίκαιον της θαλάσσης του 1982.
|
| 260 |
|
|
|a Αθήναι :
|b ΑΝΤ.Ν.Σάκκουλα,
|c 1993
|
| 300 |
|
|
|a 262σελ.
|
| 650 |
|
4 |
|a Διεθνές Δίκαιο
|
| 650 |
|
4 |
|a Δίκαιο
|
| 650 |
|
4 |
|a ΘΑΛΑΣΣΑ
|
| 700 |
1 |
|
|a Χορτάτου, Κ.
|
| 710 |
0 |
|
|a ΑΝΤ.Ν.Σάκκουλα
|
| 942 |
|
|
|2 ddc
|
| 952 |
|
|
|0 0
|1 0
|2 ddc
|4 0
|6 341_450000000000000_ΧΟΡ
|7 0
|9 268767
|a MSLG
|b MSLG
|c BSC
|d 2021-01-17
|e 24
|f 0
|g 0.00
|l 0
|o 341.45 ΧΟΡ
|p 2420000013470
|r 2021-01-17 00:00:00
|t 1
|w 2021-01-17
|y BK15
|x 19991111 0 1
|x GrPaTEI
|
| 971 |
|
|
|a .b25751530
|b 16-04-20
|c 13-09-16
|
| 999 |
|
|
|c 154904
|d 154904
|